AICPA professional standards.

Bibliographic Details
Corporate Author: American Institute of Certified Public Accountants
Format: Book
Language:English
Published: Chicago : Published for the American Institute of Certified Public Accountants by Commerce Clearing House, [1974-]
Subjects:

MARC

Tag First Indicator Second Indicator Subfields
LEADER 00000cam a2200000 i 4500
001 in00000042223
005 20151007070814.0
008 750214m19749999ilu 00110 eng
010 |a  75303209  
035 |a (OCoLC)01709163 
035 |a AAE4750AM 
040 |a DLC  |c DLC  |d TXA  |d UtOrBLW 
049 |a TXAM 
050 0 0 |a HF5667  |b .A55 1974 
082 0 |a 657/.61 
110 2 |a American Institute of Certified Public Accountants. 
245 1 0 |a AICPA professional standards. 
264 1 |a Chicago :  |b Published for the American Institute of Certified Public Accountants by Commerce Clearing House,  |c [1974-] 
300 |a volumes ;  |c 26 cm. 
336 |a text  |b txt  |2 rdacontent 
337 |a unmediated  |b n  |2 rdamedia 
338 |a volume  |b nc  |2 rdacarrier 
500 |a Loose-leaf for updating. 
500 |a Includes indexes. 
650 0 |a Auditing. 
650 0 |a Business ethics. 
650 0 |a Accounting. 
999 |a MARS 
999 f f |s 0e53cea4-7086-33f3-8fff-909234343301  |i c439deab-716d-3c42-8468-79e0456a70c1  |t 0 
952 f f |p ric  |a Texas A&M University  |b Rellis Campus  |c Joint Library Facility  |d Remote Storage  |t 0  |e HF5667 .A55 1974  |h Library of Congress classification  |i unmediated -- volume  |k v.2:pgs.11951-23002  |m A14837310433 
952 f f |p ric  |a Texas A&M University  |b Rellis Campus  |c Joint Library Facility  |d Remote Storage  |t 0  |e HF5667 .A55 1974  |h Library of Congress classification  |i unmediated -- volume  |k v.1  |m A14813986856 
952 f f |p ric  |a Texas A&M University  |b Rellis Campus  |c Joint Library Facility  |d Remote Storage  |t 0  |e HF5667 .A55 1974  |h Library of Congress classification  |i unmediated -- volume  |k v.2:pgs.3001-11950-31  |m A14813986806 
998 f f |a HF5667 .A55 1974  |s v.1-2  |t 0  |l Remote Storage